Electronic Spectra Of Transition Metal Complexes (Record no. 33724)

000 -LEADER
fixed length control field 00400nam a22001697a 4500
003 - CONTROL NUMBER IDENTIFIER
control field NUST
020 ## - INTERNATIONAL STANDARD BOOK NUMBER
International Standard Book Number 9788173815584
038 ## - RECORD CONTENT LICENSOR
Staff Name khadija
082 ## - DEWEY DECIMAL CLASSIFICATION NUMBER
Classification number 546.6
Author Mark RAY
100 ## - MAIN ENTRY--PERSONAL NAME
Personal name RAY, R. K.
9 (RLIN) 82637
245 ## - TITLE STATEMENT
Title Electronic Spectra Of Transition Metal Complexes
260 ## - PUBLICATION, DISTRIBUTION, ETC.
Place of publication, distribution, etc. New Delhi :
Name of publisher, distributor, etc. NCBA,
Date of publication, distribution, etc. 2012.
300 ## - PHYSICAL DESCRIPTION
Extent 500 p. ;
Other physical details 24 cm.
500 ## - GENERAL NOTE
General note Paperback.
563 ## - BINDING INFORMATION
Binding note PB
942 ## - ADDED ENTRY ELEMENTS (KOHA)
Koha item type Book
Source of classification or shelving scheme
Holdings
Withdrawn status Lost status Source of classification or shelving scheme Damaged status Not for loan Permanent Location Current Location Shelving location Date acquired Full call number Barcode Date last seen Price effective from Koha item type
          School of Mechanical & Manufacturing Engineering (SMME) School of Mechanical & Manufacturing Engineering (SMME) General Stacks 05/12/2016 546.6 RAY SMME-2889 04/05/2018 05/12/2016 Book
© 2023 Central Library, National University of Sciences and Technology. All Rights Reserved.